00628 2200193 4500001002100000005001500021035002000036007000300056008003900059082000800098084001400106100000900120245010900129260004900238300003700287650008900324310001000413990001100423INLIS00000000000126020260414080533 a0010-0426000014ta260414 | | |  a630 a630 202 k0 a20221 aKementan Pastikan Kebutuhan 12 Bahan Pokok Pangan Aman Selama Ramadhan Dan Idulfitri /cBPPSDMP Kementan aJakarta Selatan :bBPPSDMP - Kementan,c2022 a49 hlm :bi 49 hlm;ilus ;c25 cm 4aKementan Pastikan Kebutuhan 12 Bahan Pokok Pangan Aman Selama Ramadhan Dan Idulfitri avol 5 a200648